Enfermedades de las aves /
Guardado en:
| Autor Principal: | |
|---|---|
| Formato: | Libro |
| Publicado: |
Buenos Aires :
Albatros,
1981
|
| Materias: | |
| Etiquetas: |
Agregar Etiqueta
Sin Etiquetas, Sea el primero en etiquetar este registro!
|
| LEADER | 00470nam a22001695a 4500 | ||
|---|---|---|---|
| 001 | CEM.cems016074 | ||
| 008 | 130507s1981##################000#0#####d | ||
| 005 | 20210909191307.0 | ||
| 003 | CEMS | ||
| 245 | 1 | 0 | |a Enfermedades de las aves / |c Alfredo F Plot, |
| 260 | |a Buenos Aires : |b Albatros, |c 1981 | ||
| 300 | |a 157 p. | ||
| 100 | 1 | |a Plot, Alfredo F | |
| 082 | 0 | 4 | |a 636.52 |
| 653 | |a Aves-enfermedades | ||
| 653 | |a Aves | ||
| 859 | |a CEMS |b BIB. CEMS - Agricultura |h 636.52 |i P724 |p A12271.83 |t Ej.1 | ||
